| 000 | 00488pab a2200181 454500 | ||
|---|---|---|---|
| 008 | 180718b2006 xxu||||| |||| 00| 0 eng d | ||
| 100 | _aRai, Sumita | ||
| 245 | _aValue realization and organizational effectiveness: culture related imperatives | ||
| 260 | _c2006 | ||
| 300 | _ap.32-48. | ||
| 362 | _aFeb | ||
| 650 | _aCulture | ||
| 650 | _aOrganizations | ||
| 700 | _aSingh, Ashish Kumar | ||
| 700 | _aSinha, Arvind K. | ||
| 773 | _aManagement and Labour Studies | ||
| 909 | _a70218 | ||
| 999 |
_c70218 _d70218 |
||